| 000 | 00599nam a2200181 i 4500 | ||
|---|---|---|---|
| 001 | 49271 | ||
| 003 | ES-MaACL | ||
| 005 | 20230906161921.0 | ||
| 007 | t| | ||
| 008 | 030711s1914 mx ||||1| spa d | ||
| 100 | 1 |
_aCortés, Antonio. _940846 |
|
| 245 | 1 | 3 |
_aLa arquitectura en México _b: Iglesias / _cobra formada bajo la dirección de Genaro García por Antonio Cortés. |
| 260 |
_aMéxico : _bMuseo Nacional de Arqueología, _c1914. |
||
| 300 |
_a130 lám. ; _c39 cm. |
||
| 650 | 4 |
_aArquitectura religiosa- _zMéxico. _9161296 |
|
| 700 | 1 |
_aGarcía, Genaro. _954028 |
|
| 852 |
_aES-MaACL _jG-4228 |
||
| 999 |
_c49271 _d49271 |
||